Loading...
| Science - Biology | 2 | 2 | 1 | 2 | 45 | 48 | 82.50 | 0 | 3 | 14.58 | 24.44 |
| Science - Physics | 2 | 2 | 1 | 0 | 45 | 51 | 83.50 | 3 | 3 | 16.62 | 35.56 |
| Science - Chemistry | 0 | 4 | 0 | 1 | 40 | 77 | 96.25 | 0 | 2 | 10.51 | 20.00 |
| Auditory Arts | 0 | 3 | 0 | 1 | 30 | 81 | 100.33 | 0 | 2 | 8.07 | 22.22 |
| Philosophy | 0 | 2 | 0 | 1 | 20 | 102 | 118.00 | 0 | 1 | 1.74 | 8.89 |
| History - European | 0 | 1 | 0 | 1 | 10 | 123 | 123.00 | 0 | 0 | 0.18 | 2.78 |
| Geography | 0 | 1 | 0 | 0 | 10 | 95 | 95.00 | 0 | 0 | 11.03 | 6.67 |
| Social Science | 0 | 1 | 0 | 1 | 10 | 130 | 130.00 | 0 | 0 | 0.05 | 1.33 |
| Science - Other | 0 | 2 | 3 | 0 | 5 | 70 | 78.00 | 0 | 1 | 8.50 | 11.11 |
| Fine Arts - Other Arts | 0 | 0 | 1 | 0 | -5 | 0.00 | 0 | 0 | 0.00 | 0.00 |